| 000 | 02129cad a22002775a 4500 | ||
|---|---|---|---|
| 001 | L145021 | ||
| 008 | 080902e20070731xxk f h 000 0 eng d | ||
| 035 | _a(Sirsi) u145021 | ||
| 041 | 0 | _aeng | |
| 050 | 0 | 4 | _a333.332 $2 18 |
| 110 | 2 |
_aCouncil of Mortgage Lenders _95903 |
|
| 245 | 0 | 4 |
_aThe lender's handbook _bPart 1, England and Wales _h[electronic resource] |
| 260 |
_aLondon _bCML _c2007 |
||
| 505 | 2 | _aGeneral -- Communication -- Safeguards -- Valuation of the property -- Title -- The property -- Other occupiers -- Separate representation -- Indemnity insurance -- The loan and certificate of title -- The documentation -- Instalment mortgages and mortgage advances released in instalments -- Mortgage indemnity insurance or higher lending charge -- After completion -- Legal costs -- Transactions during the life of the mortgage -- Redemption | |
| 520 | _aDocument provides full instructions for conveyancers acting on behalf of lenders in residential conveyancing transactions. The instructions comply with rule 6(3) of the Solicitors' Practice Rules 1990; or the Solicitors' Code of Conduct 2007. Please note, this is the England and Wales version of the handbook and a version has been produced for each jurisdiction. The handbook should be read in conjunction with Part 2 of the handbook, a version of which has been produced for each lender which is a CML member and details their specific instructions. | ||
| 520 | _aRead in conjunction with the CML disclosure of incentives form (L145024) and RICS valuation standards 6th edition: September 2008 amendment (E144841). | ||
| 520 | _aSupersedes the 1999 version of this publication. | ||
| 521 | _aAdvanced | ||
| 651 | 4 |
_aEngland and Wales _y1543- |
|
| 690 | _aPROPERTY-RESIDENTIAL PROPERTY-RESIDENTIAL PROPERTY FINANCE AND INVESTMENT-MORTGAGING RESIDENTIAL PROPERTY-MORTGAGE VALUATION | ||
| 710 | 2 |
_aHome Builders Federation _94896 |
|
| 710 | 2 | _aHomes for Scotland | |
| 710 | 2 |
_aRoyal Institution of Chartered Surveyors _94900 |
|
| 856 | 4 | 0 |
_uhttps://www.cml.org.uk/handbook/frontpage.aspx _zView the item free of charge at www.cml.org.uk... |
| 942 | _n0 | ||
| 999 |
_c108673 _d108673 |
||